Školská integrácia z pohľadu žiakov obchodných akadémií

Názory a postoje žiakov obchodných akadémií k procesu integrácie na strednej škole a k integrovaným jedincom. Začlenenie do majoritnej spoločnosti, ktorá by ich tolerovala a v ktorej by plnohodnotne mohli žiť. Myšlienka integrácie, ktorá sa premietla aj do podmienok nášho školstva.

Saved in:
Bibliographic Details
Main Author: Chmelárová, Zuzana, 1967-
Other Authors: Játi, Milan
Format: Book Chapter
Language:Slovak
Subjects:
Tags: Add Tag
No Tags, Be the first to tag this record!

MARC

LEADER 00000nla a2200000 4500
001 0226389
005 20240502073724.8
041 0 |a slo 
044 |a SK 
245 1 0 |a Školská integrácia z pohľadu žiakov obchodných akadémií  |c Zuzana Chmelárová, Milan Játi 
520 |a Názory a postoje žiakov obchodných akadémií k procesu integrácie na strednej škole a k integrovaným jedincom. Začlenenie do majoritnej spoločnosti, ktorá by ich tolerovala a v ktorej by plnohodnotne mohli žiť. Myšlienka integrácie, ktorá sa premietla aj do podmienok nášho školstva. 
610 2 0 |a školstvo 
610 2 0 |a školy stredné odborné 
610 2 0 |a vzdelávanie 
610 2 0 |a vyučovanie 
610 2 0 |a didaktika 
610 2 0 |a integrácia 
610 2 0 |a začlenenie sociálne 
610 2 0 |a osoby zdravotne postihnuté 
100 1 |a Chmelárová, Zuzana, 1967- 
700 1 |a Játi, Milan